|
|
|
|
| LEADER |
01915nam a2200433 i 4500 |
| 001 |
EBC4527740 |
| 003 |
MiAaPQ |
| 005 |
20200520144314.0 |
| 006 |
m o d | |
| 007 |
cr cnu|||||||| |
| 008 |
160611t20162016mau ob 001 0 eng d |
| 020 |
|
|
|z 9780262029995
|
| 020 |
|
|
|a 9780262333719
|q (electronic bk.)
|
| 035 |
|
|
|a (MiAaPQ)EBC4527740
|
| 035 |
|
|
|a (Au-PeEL)EBL4527740
|
| 035 |
|
|
|a (CaPaEBR)ebr11211990
|
| 035 |
|
|
|a (CaONFJC)MIL922978
|
| 035 |
|
|
|a (OCoLC)964293053
|
| 040 |
|
|
|a MiAaPQ
|b eng
|e rda
|e pn
|c MiAaPQ
|d MiAaPQ
|
| 050 |
|
4 |
|a HF1721
|b .M387 2016
|
| 082 |
0 |
|
|a 382.92
|2 23
|
| 100 |
1 |
|
|a Mavroidis, Petros C.,
|e author.
|
| 245 |
1 |
4 |
|a The regulation of international trade.
|n Volume 2,
|p The WTO agreements on trade in goods /
|c Petros C. Mavroidis.
|
| 264 |
|
1 |
|a Cambridge, Massachusetts ;
|a London, England :
|b The MIT Press,
|c 2016.
|
| 264 |
|
4 |
|c 2016
|
| 300 |
|
|
|a 1 online resource (887 pages)
|
| 336 |
|
|
|a text
|2 rdacontent
|
| 337 |
|
|
|a computer
|2 rdamedia
|
| 338 |
|
|
|a online resource
|2 rdacarrier
|
| 504 |
|
|
|a Includes bibliographical references and index.
|
| 588 |
|
|
|a Description based on online resource; title from PDF title page (ebrary, viewed June 8, 2016).
|
| 590 |
|
|
|a Electronic reproduction. Ann Arbor, MI : ProQuest, 2016. Available via World Wide Web. Access may be limited to ProQuest affiliated libraries.
|
| 610 |
2 |
0 |
|a General Agreement on Tariffs and Trade (Organization)
|
| 610 |
2 |
0 |
|a World Trade Organization.
|
| 650 |
|
0 |
|a Foreign trade regulation.
|
| 655 |
|
4 |
|a Electronic books.
|
| 776 |
0 |
8 |
|i Print version:
|a Mavroidis, Petros C.
|t Regulation of international trade. Volume 2, The WTO agreements on trade in goods.
|d Cambridge, Massachusetts ; London, England : The MIT Press, c2016
|h xxxvi, 849 pages
|z 9780262029995
|
| 797 |
2 |
|
|a ProQuest (Firm)
|
| 856 |
4 |
0 |
|u https://ebookcentral.proquest.com/lib/matrademy/detail.action?docID=4527740
|z Click to View
|